| 000 | 00456nam a2200157 i 4500 | ||
|---|---|---|---|
| 001 | 42786 | ||
| 003 | ES-MaACL | ||
| 005 | 20230906160658.0 | ||
| 007 | t| | ||
| 008 | 030314s1967 sp ||||1| spa d | ||
| 100 | 1 |
_aCerezo Barredo, M. _937501 |
|
| 245 | 1 | 0 |
_aConstrucción y adaptación de iglesias / _cM. Cerezo Barredo. |
| 260 |
_aBilbao : _bDesclée de Brouwer, _c[1967] |
||
| 300 |
_a117 p., 6 lám. ; _c20 cm. |
||
| 852 |
_aES-MaACL _jC-32603 _bR.63278 |
||
| 999 |
_c42786 _d42786 |
||